Central Library OPAC University of Rajshahi

CRC handbook of bimolecular and termolecular gas reactions / (Record no. 70811)

MARC details
000 -LEADER
fixed length control field 00879nam a2200253 a 4500
001 - CONTROL NUMBER
control field 70811
003 - CONTROL NUMBER IDENTIFIER
rucl marc code BD-RjUL
005 - DATE AND TIME OF LATEST TRANSACTION
control field 20211209082037.0
008 - FIXED-LENGTH DATA ELEMENTS--GENERAL INFORMATION
fixed length control field 100420r19871981flu b 001 0 eng
020 ## - INTERNATIONAL STANDARD BOOK NUMBER
International Standard Book Number 0849303745 (set)
035 ## - SYSTEM CONTROL NUMBER
System control number (BD-RjUL)71025
040 ## - CATALOGING SOURCE
Original cataloging agency DLC
Transcribing agency DLC
Modifying agency DLC
-- BD-RjUL
Language of cataloging eng
041 ## - LANGUAGE CODE
Language code of text/sound track or separate title eng
082 00 - DEWEY DECIMAL CLASSIFICATION NUMBER
Edition number 23
Classification number 541.3940212
Author mark and year CRC 1987
245 10 - TITLE STATEMENT
Title CRC handbook of bimolecular and termolecular gas reactions /
Statement of responsibility, etc. editor, J. Alistair Kerr, assistant editor, Roger Michael Drew
260 ## - PUBLICATION, DISTRIBUTION, ETC. (IMPRINT)
Place of publication, distribution, etc. Boca Raton, Fla. :
Name of publisher, distributor, etc. CRC Press,
Date of publication, distribution, etc. c1981-c1987.
300 ## - PHYSICAL DESCRIPTION
Pagination v., pt. ;
Size 26 cm.
504 ## - BIBLIOGRAPHY, ETC. NOTE
Bibliography, etc Includes bibliographical references and indexes.
505 ## - FORMATTED CONTENTS NOTE
Formatted contents note V. 3 Pt. A -- V.3, Pt.B --
650 #0 - SUBJECT ADDED ENTRY--TOPICAL TERM
Topical term or geographic name as entry element Chemical kinetics
Form subdivision Tables.
9 (RLIN) 209585
700 1# - ADDED ENTRY--PERSONAL NAME
Personal name Kerr, J. Alistair
Fuller form of name (James Alistair),
Dates associated with a name 1934-
Personal name Drew, Roger Michael.
942 ## - ADDED ENTRY ELEMENTS (KOHA)
Source of classification or shelving scheme Dewey Decimal Classification
Koha item type Books
Holdings
Lost status Source of classification or shelving scheme Damaged status Not for loan Collection code Permanent Location Current Location Shelving location Date acquired Source of acquisition Cost, normal purchase price Total Checkouts Full call number Date last seen Copy number Koha item type
  Dewey Decimal Classification   Not For Loan Non-fiction Central Library, University of Rajshahi Central Library, University of Rajshahi Reading Room 17/05/1990 Asia Foundation 0.00   541.3940212 CRC V-3 Pt-A 1987 20/04/2017 C-1 Books
  Dewey Decimal Classification     Non-fiction Central Library, University of Rajshahi Central Library, University of Rajshahi   17/05/1990 Asia Foundation     541.3940212 CRC V-3, Pt-B 1987 17/05/2017 C-2 Books